| 000 | 00676nam a2200217Ia 4500 | ||
|---|---|---|---|
| 999 |
_c41089 _d41089 |
||
| 001 | 7739 | ||
| 003 | GE_BSU | ||
| 005 | 20220923120741.0 | ||
| 008 | 181216s2011en xx |||||||||||||| ||eng|| | ||
| 020 | _a9780195371239 | ||
| 040 | _cGE_BSU | ||
| 041 | _aeng | ||
| 080 | _a621.8 U-29 | ||
| 100 |
_aUicker,John.Jr. _914722 |
||
| 245 |
_aTheory of Machines and Mechanisms / _cJohn. Jr. Uicker, |
||
| 264 |
_aNew York-Oxford : _bOxford university press, _c2011. |
||
| 300 |
_a900 p. : _bCD _c24 cm. |
||
| 653 | _aTheory of Machines and Mechanisms | ||
| 653 | _aმანქანებისა და მექანიზმების თეორია | ||
| 942 |
_cBK _2udc |
||